Lidská důstojnost a sociální práce
Implikácia pojmu ľudská dôstojnosť do oblasti sociálnej práce. Aktuálnosť tohto pojmu v oblasti ľudských práv a bioetiky. Ľudská dôstojnosť je pre sociálneho pracovníka výzvou, aby vedel prijať seba samého a klienta v úcte, rešpekte a zodpovednosti. Základné predpoklady kvality práce sociálneho prac...
Salvato in:
| Autore principale: | |
|---|---|
| Natura: | Capitolo di libro |
| Lingua: | ceco |
| Soggetti: | |
| Tags: |
Nessun Tag, puoi essere il primo ad aggiungerne!!
|
MARC
| LEADER | 00000naa a2200000 4500 | ||
|---|---|---|---|
| 001 | 0201978 | ||
| 005 | 20221207085553.9 | ||
| 041 | 0 | |a cze | |
| 044 | |a CZ | ||
| 245 | 1 | 0 | |a Lidská důstojnost a sociální práce |c Jindřich Šrajer |
| 520 | |a Implikácia pojmu ľudská dôstojnosť do oblasti sociálnej práce. Aktuálnosť tohto pojmu v oblasti ľudských práv a bioetiky. Ľudská dôstojnosť je pre sociálneho pracovníka výzvou, aby vedel prijať seba samého a klienta v úcte, rešpekte a zodpovednosti. Základné predpoklady kvality práce sociálneho pracovníka. | ||
| 610 | 2 | 0 | |a práca sociálna |
| 610 | 2 | 0 | |a pracovníci sociálni |
| 610 | 2 | 0 | |a klienti |
| 610 | 2 | 0 | |a pomoc sociálna |
| 610 | 2 | 0 | |a náročnosť profesionálna |
| 610 | 2 | 0 | |a práva ľudské |
| 610 | 2 | 0 | |a etika aplikovaná |
| 100 | 1 | |a Šrajer, Jindřich | |